The thirteen problems (Record no. 4900)
[ view plain ]
| 000 -LEADER | |
|---|---|
| fixed length control field | 00566 a2200205 4500 |
| 003 - CONTROL NUMBER IDENTIFIER | |
| control field | NUST |
| 005 - DATE AND TIME OF LATEST TRANSACTION | |
| control field | 20180720064555.0 |
| 008 - FIXED-LENGTH DATA ELEMENTS--GENERAL INFORMATION | |
| fixed length control field | 180720b ||||| |||| 00| 0 eng d |
| 020 ## - INTERNATIONAL STANDARD BOOK NUMBER | |
| International Standard Book Number | 0007120869 |
| Terms of availability | Rs. 261 |
| 038 ## - RECORD CONTENT LICENSOR | |
| Staff Name | Arshad |
| 040 ## - CATALOGING SOURCE | |
| Original cataloging agency | DLC |
| Language of cataloging | DLC |
| 082 ## - DEWEY DECIMAL CLASSIFICATION NUMBER | |
| Classification number | 823.912 |
| 100 ## - MAIN ENTRY--PERSONAL NAME | |
| Personal name | Agatha Christie |
| 9 (RLIN) | 11894 |
| 245 ## - TITLE STATEMENT | |
| Title | The thirteen problems |
| Statement of responsibility, etc. | Christie, Agatha |
| 260 ## - PUBLICATION, DISTRIBUTION, ETC. | |
| Place of publication, distribution, etc. | New York: |
| Name of publisher, distributor, etc. | Collins Publishers, |
| Date of publication, distribution, etc. | 1932. |
| 300 ## - PHYSICAL DESCRIPTION | |
| Extent | 315 p. ;. |
| Other physical details | 20 cm |
| 500 ## - GENERAL NOTE | |
| General note | Includes Index |
| 650 ## - SUBJECT ADDED ENTRY--TOPICAL TERM | |
| Topical term or geographic name entry element | Detective and mystery stories. |
| 9 (RLIN) | 8228 |
| 942 ## - ADDED ENTRY ELEMENTS (KOHA) | |
| Koha item type | Book |
| Call number prefix | 823.912 CHR |
| Source of classification or shelving scheme | |
| Withdrawn status | Lost status | Source of classification or shelving scheme | Damaged status | Not for loan | Collection code | Permanent Location | Current Location | Shelving location | Date acquired | Source of acquisition | Cost, normal purchase price | Total Checkouts | Full call number | Barcode | Date last seen | Date last checked out | Copy number | Price effective from | Koha item type |
|---|---|---|---|---|---|---|---|---|---|---|---|---|---|---|---|---|---|---|---|
| Central Library (CL) | Central Library (CL) | Fiction | 12/16/2004 | Allied Book Company | 175.50 | 1 | 823.912 CHR | SEECS005179 | 06/02/2022 | 06/02/2022 | 1 | 01/05/2017 | Book | ||||||
| Central Library (CL) | Central Library (CL) | Fiction | 01/25/2017 | 2 | 823.912CHR | CL1043 | 06/23/2023 | 09/13/2019 | 2 | 01/25/2017 | Book |
